ბათუმის შოთა რუსთაველის სახელმწიფო უნივერსიტეტის ბიბლიოთეკა

Reader's digest condesed books. (ბიბ.ჩანაწერი № 46275)

000 -LEADER
fixed length control field 00775nam a2200241Ia 4500
001 - CONTROL NUMBER
control field 13109
003 - CONTROL NUMBER IDENTIFIER
control field GE_BSU
008 - FIXED-LENGTH DATA ELEMENTS--GENERAL INFORMATION
fixed length control field 181216s||||||||xx |||||||||||||| ||und||
020 ## - INTERNATIONAL STANDARD BOOK NUMBER
International Standard Book Number 9780276427374
040 ## - CATALOGING SOURCE
Transcribing agency GE_BSU
080 ## - UNIVERSAL DECIMAL CLASSIFICATION NUMBER
Universal Decimal Classification number 821.111-32
245 ## - TITLE STATEMENT
Title Reader's digest condesed books.
245 #4 - TITLE STATEMENT
Remainder of title The Millionaires. Only Dad. Gone For Good. Black Ice.
245 ## - TITLE STATEMENT
Statement of responsibility, etc. Selected and edited by Reader's Digest.
260 ## - PUBLICATION, DISTRIBUTION, ETC.
Place of publication, distribution, etc. London.
260 ## - PUBLICATION, DISTRIBUTION, ETC.
Name of publisher, distributor, etc. Condesed books books division.
260 ## - PUBLICATION, DISTRIBUTION, ETC.
Date of publication, distribution, etc. 2002
300 ## - PHYSICAL DESCRIPTION
Extent 560p;20cm.
300 ## - PHYSICAL DESCRIPTION
Other physical details ill.
520 ## - SUMMARY, ETC.
Summary, etc. Meltzer,Brad-The Millionaires(p.9-158). Titchmarsh,Alan-Only Dad(p.159-272). Coben,Harlan-Gone For Good(p.273-418). Dickinson,Matt-Black Ice(p.419-538).
653 ## - INDEX TERM--UNCONTROLLED
Uncontrolled term Reader's digest condesed books.
942 ## - ADDED ENTRY ELEMENTS (KOHA)
Koha item type წიგნი
ეგზემპლარები
Withdrawn status Lost status Damaged status Not for loan Date acquired Barcode Date last seen Price effective from Koha item type
        2018-12-17 36525 2018-12-17 2018-12-17 წიგნი